Dialéctica negativa / (Registro nro. 20860)

Detalles MARC
000 -LEADER
campo de control de longitud fija 00682nam a2200217 i 4500
001 - NÚMERO DE CONTROL
campo de control 20860
003 - IDENTIFICADOR DE NÚMERO DE CONTROL
campo de control ES-MaACL
005 - FECHA Y HORA DE LA ÚLTIMA TRANSACCIÓN
campo de control 20230906152357.0
007 - CAMPO FIJO DE DESCRIPCIÓN FÍSICA--INFORMACIÓN GENERAL
campo de control de longitud fija t|
008 - DATOS DE LONGITUD FIJA--INFORMACIÓN GENERAL
campo de control de longitud fija 021119s1975 sp ||||1| spa d
100 1# - ENTRADA PRINCIPAL--NOMBRE DE PERSONA
Nombre de persona Adorno, Theodor W.
9 (RLIN) 18468
245 10 - MENCIÓN DEL TÍTULO
Título Dialéctica negativa /
Mención de responsabilidad, etc. Theodor W. Adorno ; versión de José María Pipalda ; revisada por Jesús Aguirre.
260 ## - PUBLICACIÓN, DISTRIBUCIÓN, ETC.
Lugar de publicación, distribución, etc. [Madrid] :
Nombre del editor, distribuidor, etc. Taurus, etc.,
Fecha de publicación, distribución, etc. [1975]
300 ## - DESCRIPCIÓN FÍSICA
Extensión 410 p. ;
Dimensiones 22 cm.
490 1# - MENCIÓN DE SERIE
Mención de serie Ensayistas
700 1# - ENTRADA AGREGADA--NOMBRE PERSONAL
Nombre de persona Ripalda, José María.
9 (RLIN) 97416
700 1# - ENTRADA AGREGADA--NOMBRE PERSONAL
Nombre de persona Aguirre, Jesús,
Títulos y otros términos asociados al nombre Duque de Alba.
9 (RLIN) 125561
830 0# - PUNTO DE ACCESO ADICIONAL DE SERIE-TÍTULO UNIFORME
Título uniforme Ensayistas
9 (RLIN) 177257
852 ## - LOCALIZACIÓN
Ubicación ES-MaACL
Número de control de estantería E-9508
Sublocalización o colección R.94048
Existencias
Estatus retirado Estado de pérdida Estado de daño No para préstamo Biblioteca de origen Biblioteca actual Ubicación en estantería Fecha de adquisición Fuente de adquisición Total de préstamos Signatura topográfica completa Código de barras Visto por última vez Precio de reemplazo Tipo de ítem Koha
        Biblioteca del Ateneo de Madrid Biblioteca del Ateneo de Madrid Depósito 2 17/01/2008     E-9508 1021422 23/02/2023 23/02/2023 Libro impreso